Responses for Show #9143 - Wednesday, July 10, 2024

Isaac Hirsch game 6.

Contestants

[<< previous game]

Larry P. Wellington, an entrepreneur from Madison, Mississippi

Alex Pribil, a fundraiser from Orlando, Florida

Isaac Hirsch, a customer support team lead from Burbank, California (whose 5-day cash winnings total $120,187)

[next game >>]

Jeopardy! Round responses

ROUGH TIMES IN THE CITY
NATIVE AMERICA
POTPOURRI
BREAD
TV REBOOTS
RHYME TIME
    $200 30
Chicago

Alex
    $200 29
(Larry: What is a kayak?)

a dugout canoe

Larry
Triple Stumper
    $200 22
a congressional representative

Isaac
    $200 24
pita

Larry
    $200 28
The Twilight Zone

Isaac
    $200 15
whale jail

Isaac
    $400 21
Caracas

Larry
    $400 20
an earth dwelling (an earth lodge, earth house)

Isaac
    $400 19
Ace

Isaac
    $400 25
sourdough

Alex
    $400 10
(Alex: What is Queer Eye for the Straight Guy?)

Queer Eye

IsaacAlex
    $400 14
a sword Accord (an Accord sword)

Larry
    $600 1
Buffalo

Isaac
    $600 4
the Trail of Tears

Isaac
    $600 16
Clancy

Isaac
    $600 26
pumpernickel

Alex
    $600 7
Clueless

Isaac
    $600 11
a static attic

Alex
    $800 2
Munich

Isaac
    $800 5
the Zuni

Isaac
    $800 17
the Red Sea

Alex
    $800 27
naan

Larry
    $800 8
(Larry: What is Babylon 5?)

Battlestar Galactica

IsaacLarry
    $800 12
Goth broth

Triple Stumper
    $1,400 3
St. Petersburg

Isaac
    $1000 6
the Iroquois Confederacy (Iroquois League)

Isaac
    $1000 18
neurons

Triple Stumper
    $1000 23
bruschetta

Alex
    $1000 9
Queen Latifah

Larry
    $1000 13
(Isaac: Oh, no, that's not right--what is a palomino casino?)

a casino merino

Isaac
Triple Stumper

Scores at the first commercial break (after clue 14):

Isaac Alex Larry
$6,000 $200 $600

Scores at the end of the Jeopardy! Round:

Isaac Alex Larry
$8,000 $3,200 $1,800

Double Jeopardy! Round responses

AFRICAN ISLANDS
AMERICAN LIT
ENDS IN "GH"
AUTOMAKERS
VISION & VISIONS
WHAT'S THAT MOVIE AGAIN?
    $400 29
Madagascar

Alex
    $400 10
Holden Caulfield

Larry
    $400 18
the rough

Alex
    $400 15
(Isaac: What is... Nissan?)

Hyundai

Isaac
Triple Stumper
    $400 30
(Ken: Yes, that's nice to hear at the end of the round, right? Hallelujah, we made it through.)

the Messiah

Isaac
    $400 9
Speed

Larry
    $800 28
Washington

Triple Stumper
    $800 7
On the Road

Larry
    $800 16
a bough

Alex
    $800 11
(Alex: What is a Porsche?)

a Mercedes

AlexLarry
    $800 24
nearsightedness & farsightedness

Isaac
    $800 8
Love Actually

Alex
    $4,400 19
(Alex: What is... the Congo?)

the Nile

Alex
    $1200 2
Melville

Isaac
    $1200 17
the thigh

Larry
    $1200 12
Ferrari

Larry
    $1200 25
(Isaac: What is Paradisio?)

Paradiso

IsaacAlex
    $1200 1
The Greatest Showman

Isaac
    $1600 20
São Tomé

Isaac
    $1600 3
(Isaac: Who is... Whitman?)

Langston Hughes

Isaac
Triple Stumper
    $2,000 26
(Alex: Hell, yeah.)
(Ken: Good guess.)

enough

Alex
    $1600 13
(Ransom) Olds

Isaac
    $1600 22
a vision quest

Isaac
    $1600 5
Heat

Isaac
    $2000 21
the Seychelles

Isaac
    $2000 4
Edgar Allan Poe

Triple Stumper
    $2000 27
to inveigh

Triple Stumper
    $2000 14
Peugeot

Larry
    $2000 23
macular degeneration

Alex
    $2000 6
Panic Room

Larry

Scores at the end of the Double Jeopardy! Round:

Isaac Alex Larry
$16,800 $5,600 $10,600

[wagering suggestions for these scores]

Final Jeopardy! Round responses

FAMOUS AMERICANS
(Ken: [To Alex] Hoa Lo, the so-called Hanoi Hilton, where he would spend the next years.)
AlexWho is McCain?
$4,000
LarryWho is McCain?
$6,201
IsaacWhho is John McCain?
$4,401
(Senator John) McCain

Final scores:

Isaac Alex Larry
$21,201 $9,600 $16,801
6-day champion: $141,388 3rd place: $2,000 2nd place: $3,000

Game dynamics:

Coryat scores:

Isaac Alex Larry
$16,400 $9,600 $10,600
24 R
(including 1 DD),
4 W
13 R
(including 1 DD),
3 W
(including 1 DD)
13 R,
2 W

Combined Coryat: $36,600

[game clues] [game scores] [suggest correction]

Game tape date: 2024-05-22
The J! Archive is created by fans, for fans. Scraping, republication, monetization, and malicious use prohibited; this site may use cookies and collect identifying information. See terms. The Jeopardy! game show and all elements thereof, including but not limited to copyright and trademark thereto, are the property of Jeopardy Productions, Inc. and are protected under law. This website is not affiliated with, sponsored by, or operated by Jeopardy Productions, Inc. Join the discussion at JBoard.tv.